Capitales avec la lettre E comme troisième lettre - Statistiques

Statistiques générales
  • Ce quiz a été pris 150 fois
  • Le résultat moyen est 5 sur 8
Statistiques - réponses
Réponse % Correct
Buenos Aires
80%
Vienne
75%
Erevan
69%
Pretoria
68%
Kiev
65%
Freetown
60%
Vientiane
50%
Ngerulmud
44%
Aucun quiz correspondant
Distribution des résultats
% des personnes avec chaque résultat
Percentile par nombre de réponses
Votre historique - résultats
Vous n’avez pas pris ce quiz